Estado de la Región en Desarrollo Humano Sostenible: un informe desde Centroamérica y para Centroamérica /
Guardat en:
| Autor corporatiu: | |
|---|---|
| Format: | Llibre |
| Idioma: | Spanish |
| Publicat: |
San José, Costa Rica
Programa Estado de la Nación; CONARE; Defensoría de los Habitantes;
|
| Matèries: | |
| Etiquetes: |
Afegir etiqueta
Sense etiquetes, Sigues el primer a etiquetar aquest registre!
|
MARC
| LEADER | 00000nam a22000007a 4500 | ||
|---|---|---|---|
| 003 | cru CIDCACS/IIS | ||
| 005 | 20200925161256.0 | ||
| 007 | ta | ||
| 008 | 170322| cr ||||| |||| 00| 0 spa d | ||
| 040 | |c CRAI/IIS |a CRAI/IIS | ||
| 090 | |a REV1688 | ||
| 110 | 2 | |9 197 |a Programa Estado de La Nación (Costa Rica) | |
| 245 | 1 | |a Estado de la Región en Desarrollo Humano Sostenible: |b un informe desde Centroamérica y para Centroamérica / |c Programa Estado de la Nación | |
| 260 | |a San José, Costa Rica |b Programa Estado de la Nación; |b CONARE; |b Defensoría de los Habitantes; | ||
| 270 | |e Apado. 1174-1200 |b Pavas |d Costa Rica |m regional@estadonacion.or.cr | ||
| 310 | |a Anual | ||
| 500 | |a Cada documento tiene un ISBN, no tiene un ISSN como serie | ||
| 500 | |a EXISTENCIAS :1999 2008 | ||
| 650 | 1 | 0 | |9 71 |a DESARROLLO ECONOMICO Y SOCIAL |
| 650 | 1 | 0 | |9 341 |a MEDIO AMBIENTE |
| 650 | 4 | |9 2011 |a RECURSOS NATURALES | |
| 650 | 4 | |9 2649 |a ESTRATEGIA DEL DESARROLLO | |
| 650 | 1 | 0 | |9 2125 |a PARTICIPACIÓN SOCIAL |
| 650 | 1 | 0 | |9 2105 |a INDICADORES SOCIALES |
| 650 | 1 | 0 | |9 944 |a EDUCACION |
| 650 | 1 | 0 | |9 2449 |a SALUD |
| 650 | 1 | 0 | |9 284 |a POBREZA |
| 650 | 1 | 0 | |9 861 |a VIVIENDA |
| 651 | 1 | 0 | |9 308 |a CENTROAMERICA |
| 942 | |2 ddc |c PP | ||
| 999 | |c 19032 |d 19032 | ||
